000 00637nam a2200169 i 4500
001 120595
003 ES-MaACL
005 20230906191601.0
007 t|
008 070214s1913 it r ||||1| ita d
100 1 _aPizzagalli, Angelo Maria.
_992459
245 1 0 _aSulla setta degli Svabhavavadinah /
_cnota A. M. Pizzagalli.
260 _aPavia :
_b[s. n.],
_c1913 (
_fTip. Succ. fratelli Furi)
300 _aP. [104]-112 ;
_c25 cm.
595 _aSeparata de: Rendiconti del Reale Istituto lombardo di scienze e lettere, vol. 46, fasc. 2, adunanza del 16 gennaio 1913.
852 _aES-MaACL
_jT-1324-F-2
_z.- Ded. manuscrita del autor
999 _c120595
_d120595